01143nam a2200205Ia 4500008004100000020001500041050002200056082002000078100003400098245016900132250001900301260003700320300003500357500003600392505039100428650001800819650002100837700003600858700004300894120625s1995 mx r 001 0 sp d a9586004473 4aHG4014 bB87 1995 a658.154 bB946p aBurbano Ruiz, Jorge E.eautor aPresupuestos b : enfoque moderno de planeación y control de recursos c / Jorge E. Burbano Ruíz, Alberto Ortíz Gómez ; editora Martha Edna Suárez Ríos  a2a. edición  aColombiab : McGraw-Hillc, 1995 axi, 376 páginas c ; 23 cm.  aIncluye: índice (pp. 367-376) aGeneralidades sobre el presupuesto empresarial Metodologia para la elaboración del presupuesto Planeación frl marketing y presupuestos comerciales Planeamiento y presupuestos de la producción Planeamiento y presupuestación de los costos de producción y los gastos operacionales Presupuestos de efectivo (flujos de caja) Pronósticos financieros en proyectos de inversión  4aPRESUPUESTOS  4aPLANIFICACIÓN  aOrtíz Gómez, Albertoeautor1 aSuárez Ríos, Martha Edna eeditor